[Event "Santiago de Chile Nunoa CC Honor"]
[Site "Santiago de Chile"]
[Date "2012.07.13"]
[Round "3"]
[White "Cuevas Pardo, Christian Marcelo"]
[Black "Contreras, Miguel"]
[Result "1-0"]
[WhiteElo "2011"]
[BlackElo "2082"]
[PlyCount "83"]
[EventDate "2012.07.04"]
[EventType "tourn"]
[EventRounds "7"]
[EventCountry "CHI"]
[SourceTitle "EXT 2013"]
[Source "ChessBase"]
[SourceDate "2012.11.22"]
[SourceVersion "1"]
[SourceVersionDate "2012.11.22"]
[SourceQuality "1"]

1. e4 e5 2. Nf3 Nc6 3. Bb5 a6 4. Ba4 Nf6 5. d3 b5 6. Bb3 Be7 7. 0-0 0-0 8. Re1 d6 9. c3 Be6 10. Bc2 Qd7 11. Nbd2 Bg4 12. h3 Bh5 13. Nf1 Rad8 14. Ng3 Bg6 15. Qe2 d5 16. a4 d4 17. axb5 axb5 18. Ra6 Ra8 19. Rxa8 Rxa8 20. Nxe5 Nxe5 21. f4 Nc6 22. f5 Bd6 23. Qf2 Bh5 24. Bg5 Qe7 25. Nxh5 Qe5 26. Bxf6 gxf6 27. Qh4 Kf8 28. Bb3 Ke7 29. Qg4 Rf8 30. Bd5 Nd8 31. Rc1 dxc3 32. bxc3 Ba3 33. d4 Qd6 34. Rc2 Qb6 35. Kh1 c6 36. Ba2 c5 37. e5 c4 38. Nxf6 Qb7 39. d5 Bc5 40. Qh4 Qb6 41. d6+ Bxd6 42. Nd5+ 1-0

[Event "Bogota Univ Central op-A 5th"]
[Site "Bogota"]
[Date "2011.10.17"]
[Round "9.1"]
[White "Contreras, Miguel"]
[Black "Iafrancesco, Esteban"]
[Result "0-1"]
[WhiteElo "2088"]
[BlackElo "1950"]
[PlyCount "54"]
[EventDate "2011.10.13"]
[EventType "swiss"]
[EventRounds "9"]
[EventCountry "COL"]
[SourceTitle "EXT 2024"]
[Source "ChessBase"]
[SourceDate "2023.10.10"]
[SourceVersion "1"]
[SourceVersionDate "2023.10.10"]
[SourceQuality "1"]

1. e4 c6 2. d4 d5 3. Nc3 dxe4 4. Nxe4 Bf5 5. Ng3 Bg6 6. h4 h6 7. h5 Bh7 8. Bd3 Qxd4 9. Nf3 Qb4+ 10. Qd2 Qxd2+ 11. Kxd2 Bxd3 12. Kxd3 Nd7 13. Bf4 0-0-0 14. Ke2 Ngf6 15. a4 e6 16. Ne5 Nxe5 17. Bxe5 Nd7 18. Bc3 Nb6 19. a5 Nd5 20. Bd2 Bd6 21. Ne4 Bf4 22. Be1 Be5 23. b4 Bxa1 24. c4 Nf6 25. Nc5 b6 26. axb6 axb6 27. Na6 Kb7 0-1

[Event "Santiago Endesa Interempresas"]
[Site "Santiago de Chile"]
[Date "2007.??.??"]
[Round "7"]
[White "Contreras, Miguel"]
[Black "Cuevas Araya, Walter"]
[Result "0-1"]
[WhiteElo "2074"]
[BlackElo "2158"]
[PlyCount "106"]
[EventDate "2007.??.??"]
[EventType "tourn"]
[EventRounds "11"]
[EventCountry "CHI"]
[SourceTitle "EXT 2008"]
[Source "ChessBase"]
[SourceDate "2007.11.25"]
[SourceVersion "1"]
[SourceVersionDate "2007.11.25"]
[SourceQuality "1"]

1. e4 c5 2. Nf3 d6 3. d4 cxd4 4. Nxd4 Nf6 5. Nc3 a6 6. Be2 e6 7. Be3 Be7 8. 0-0 Qc7 9. a4 b6 10. f4 Bb7 11. Bf3 Nbd7 12. Re1 Rc8 13. Nb3 0-0 14. Qd2 Nc5 15. Nxc5 bxc5 16. Rad1 Bc6 17. Qf2 Qb7 18. e5 Nd5 19. Nxd5 exd5 20. exd6 Bxd6 21. Bxc5 Bxc5 22. Qxc5 Bxa4 23. Qxd5 Qxb2 24. Rb1 Qxc2 25. Be4 Qc5+ 26. Qxc5 Rxc5 27. Bd3 Bb5 28. Bxb5 axb5 29. Rb4 g6 30. Reb1 Rb8 31. g3 Kg7 32. Kg2 Kf6 33. Kf3 h5 34. R1b2 Kf5 35. h3 Rc3+ 36. Kf2 Rc5 37. Kf3 Rb7 38. Kf2 Ke6 39. Rd2 Rd5 40. Rdb2 Kd6 41. Kf3 Kc5 42. g4 Rd3+ 43. Kg2 hxg4 44. hxg4 Rd2+ 45. Kf3 Rxb2 46. Rxb2 Kc4 47. Rc2+ Kd3 48. Rb2 b4 49. f5 gxf5 50. gxf5 b3 51. Kf4 Kc3 52. Rh2 b2 53. Rh3+ Kd4 0-1